000 00318nam a22001457a 4500
008 230613b ||||| |||| 00| 0 eng d
020 _a9781572307250
041 _aeng
080 _a159.9
082 _a159.9HAM
100 _a25
101 _aPSI
245 _aHANDBOOK OF DEPRESSION
_cHAMMEN .G
942 _2udc
_cBK
999 _c59948
_d59948